00785nam a2200205 i 4500001000300000100002000003245004500023260005800068300002900126490009600155504002600251650002400277830009700301020001500398040000800413041000700421080001200428008004100440856009800481bg1 aFIGURA, Dariusz10aObiektowe bazy danych /cDariusz Figura. aWarszawa :bAkademicka Oficyna Wydawnicza PLJ,c1996. a201 s. :brys. ;c24 cm.1 aProblemy Współczesnej Nauki, Teoria i Zastosowania / ed. serii Leonard Bolc. Informatyka aBibliogr. s. 195-201. 9aBaza danychxteoria 0aProblemy Współczesnej Nauki, Teoria i Zastosowania (ed. serii Leonard Bolc).pInformatyka a8371013361 cBPK0 apl a004.652 s pl f |000 0 pol  uhttp://koha.tu.koszalin.pl/cgi-bin/koha/opac-detail.pl?biblionumber=34485yKatalog online BPK